000 00663nam a2200229Ia 4500
999 _c36903
_d36903
001 2854
003 GE_BSU
005 20221028114113.0
008 181216s2008ge xx |||||||||||||| ||ger||
020 _a9783851325256
040 _cGE_BSU
041 _aeng
080 _a17(430)+001(430) B-34
100 _aBrankel, Jürgen.
_92400
245 _aTheorie und Praxis bei Auguste Comte :
_bZum Zusammenhang von Wissenschaftssystem und moral /
_cJürgen Brankel.
264 _aWien,
_c2008.
300 _a94 с.
653 _aTheorie und Praxis
653 _aთეორია და პრაქტიკა
653 _aეთიკა
942 _cBK
_2udc